000 00448nam a2200193Ia 4500
001 12630
003 GE_BSU
008 181216s||||||||xx |||||||||||||| ||und||
040 _cGE_BSU
080 _a631.4
100 _aГлинка,К.П.
245 _aПочвоведение
260 _aМ-Л
260 _bСельхозгиз
260 _c1932
300 _a600стр.23см.илл.
653 _aПочвоведение
942 _cBK
999 _c45802
_d45802